Modelling Transport Costs in International Trade <A> Comparison Among Alternative Approaches

Enregistré dans:
Détails bibliographiques
Auteur principal: Bottazzi, Laura
Autres auteurs: Ottaviano, Gianmarco I.P
Format: Livre
Langue:anglais
Publié: Milano IGIER 1996
Édition:1. ed.
Collection:Working Paper No. 105
Sujets:
Tags: Ajouter un tag
Pas de tags, Soyez le premier à ajouter un tag!

MARC

LEADER 00000nam a2200000 4500
001 c021106
005 20221205125444.4
041 0 |a eng 
044 |a IT 
245 1 0 |a Modelling Transport Costs in International Trade  |b <A> Comparison Among Alternative Approaches  |c Laura Bottazzi, Gianmarco I.P. Ottaviano 
250 |a 1. ed. 
264 1 |a Milano  |b IGIER  |c 1996 
300 |a 25 s. 
490 1 |a Working Paper  |v No. 105 
830 0 |a Working Paper  |v No. 105 
610 2 0 |a preprava 
610 2 0 |a náklady dopravné 
610 2 0 |a obchod medzinárodný 
610 2 0 |a teórie ekonomické 
610 2 0 |a modelovanie 
610 2 0 |a politika dopravná 
610 2 0 |a logistika 
610 2 0 |a služby dopravné 
610 2 0 |a vývoz 
610 2 0 |a tarify dopravné medzinárodné 
100 1 |a Bottazzi, Laura 
700 1 |a Ottaviano, Gianmarco I.P.